000 01815nam0a22003851 4500
001 v19\rc\1618932
005 20251113190433.6
035 _a(NLR Aleph) 004837872
090 _a4790472
_c4790472
100 _a20061002g18981901|||y0rusy50 ca
101 1 _arus
_cger
102 _aRU
105 _aa z |||||
200 1 _aЛаокоон, или о границах поэзии и живописи
_e[Прил.: снимок с группы "Лаокоон" и статья магистра М.И. Мандеса]
_fГ.Э. Лессинг
_gПер. с нем. М.Э. Гуковский и Л.Р. Бродовский
210 _aОдесса
_cЗнание
_d1898-1901
215 _a160 с., 1 л. ил.
_d18
225 1 _aБиблиотека "Слово"
_i[Сер. I]
_v1, 2, 6, 10-11
300 _aИзд. вышло в 4 вып.
300 _aСтатья М.И. Мандеса, указанная в прил., отсутствует
517 0 _aО границах поэзии и живописи
700 1 _6z01790
_aЛессинг
_bГ. Э.
_cпоэт, драматург
_f1729-1781
_gГотхольд Эфраим
_3RU\NLR\AUTH\770185946
_4570
702 1 _aГуковский
_bМ. Э.
_gМихаил Эммануилович
_4730
702 1 _aБродовский
_bЛ. Р.
_f1868-
_gЛеон Рувимович
_4730
790 1 _6z01700
_aЛессинг
_bГ. Э.
_f1729-1781
_gГотгольд Эфраим
801 0 _aRU
_bNLR
_gpsbo
801 0 _aRU
_bRuMoRGB
_2psbo
801 1 _aRU
_bProSoft-M
_2rusmarc
830 _aВ экз. РНБ вып. 10 утр. Описано по экз. БАН
852 _aNLR
_j20.101.6.137
899 _aRuMoRGB
_jA 266/1062 (сер. 1, 1-2, 6, 10-11)
899 _aБАН
899 _aНБ СПбГУ
_z(1)
899 _aГПИБ
942 _cBOOK
980 _aNB